000 01492nam a2200421 a 4500
001 000025016
005 20200930023517.0
008 110208s1972 sp r 000 0 spa d
040 _aDO-SdBNP
_cBNPHU
082 _aNNN
_bM685s
100 1 _aMitterrand, François
_d1916-1996
_951329
240 1 0 _aUn socialisme du possible
_lEspañol.
245 1 0 _aUn socialismo posibilista /
_cCon la colaboración de: Jean-Paul Bachy [y otros] Prólogo de Jaume Miravitlles ; traducción Ramón Bech.
260 _aBarcelona :
_bDopesa,
_c1972.
300 _a178, [8] p. ;
_c18 cm.
490 1 _aDocumento periodístico
_v40
534 _aTítulo original:
_tUn socialisme du possible
700 1 _aMiravitlles, Jaume
_epról.
_951330
700 1 _aBech, Ramón
_etr.
_951331
700 1 _aBachy, Jean-Paul
_951332
700 1 _aBaîetto, Jean-Paul
_951333
700 1 _aBenasayag, Maurice
_951334
700 1 _aCatoire, Gilles
_951335
700 1 _aCusseu, Victor
_951336
700 1 _aEstier, Claude
_951337
700 1 _aEyquem, Marie-Thérèse
_951338
700 1 _aFarandijis, Pierre Joxe
_951339
700 1 _aLavau, Pierre
_951340
700 1 _aLe Chevallier, André
_951341
700 1 _aMalingre, Daniel
_951342
700 1 _aMer-Maz, Louis
_951343
700 1 _aMonnet, Roland
_951344
700 1 _aRoudy, Yvette
_951345
700 1 _aSchoeller, François
_951346
700 1 _aThollon-Pommrol, Vicent
_951347
830 0 _aDocumento periodístico ;
_v40
_951348
049 _aBNGR
999 _c24509
_d24509